000 00819nam a2200253Ia 4500
003 OSt
005 20221005111052.0
006 a|||||r|||| 00| 0
007 ta
008 221004b |||||||| |||| 00| 0 hin d
020 _a8171192428 (hbk)
_c150
024 _a96293
037 _b576, 23/03/2009, Vani Prakashan
_cTextual
040 _aCRL
_cCRL
_bhin
041 _2hin
_ahin
082 _aO152wN3, N5;N7
100 _aदूधनाथ सिंह
245 0 _aलौट आ, ओ धार
246 _aLauṭ ā, o dhāra
260 _aनई दिल्ली
_bराधाकृष्ण भारत
_c1997
300 _a151पृ0
_ccm.
942 _hO152wN3, N5;N7
_cTEXL
_2cc
999 _c1020705
_d1020705